Flow through open channels (Record no. 11092)

000 -LEADER
fixed length control field 00492nam a22001937a 4500
001 - CONTROL NUMBER
control field 11092
003 - CONTROL NUMBER IDENTIFIER
control field BD-DhUET
008 - FIXED-LENGTH DATA ELEMENTS--GENERAL INFORMATION
fixed length control field 150214b xxu||||| |||| 00| 0 eng d
040 ## - CATALOGING SOURCE
Original cataloging agency DLC
Transcribing agency DLC
Modifying agency BD-DhUET
082 ## - DEWEY DECIMAL CLASSIFICATION NUMBER
Classification number 627.01
Item number RAJ/1981
100 ## - MAIN ENTRY--PERSONAL NAME
Personal name Raju, K G Ranga
245 ## - TITLE STATEMENT
Title Flow through open channels
250 ## - EDITION STATEMENT
Edition statement Ist ed.
260 ## - PUBLICATION, DISTRIBUTION, ETC. (IMPRINT)
Place of publication, distribution, etc. New Delhi
Name of publisher, distributor, etc. Tata Mcgraw Hill
Date of publication, distribution, etc. 1981
300 ## - PHYSICAL DESCRIPTION
Extent x, 330p.
Other physical details illus.
504 ## - BIBLIOGRAPHY, ETC. NOTE
Bibliography, etc Includes bibliographies
650 #0 - SUBJECT ADDED ENTRY--TOPICAL TERM
Topical term or geographic name as entry element Open channel flow
942 ## - ADDED ENTRY ELEMENTS (KOHA)
Koha item type General Book
Holdings
Koha full call number Koha issues (times borrowed) Source of classification or shelving scheme Shelving location Piece designation (barcode) Withdrawn status Not for loan Price effective from Date acquired Koha date last seen Damaged status Lost status Koha normalized classification for sorting Copy number Location (home branch) Sublocation or collection (holding branch) Koha date last borrowed Koha item type
627.01/RAJ/1981  Circulation section57607  2015-02-142015-02-142017-05-27  627_010000000000000_RAJ_19811Central Library, BUETCentral Library, BUET General Book
627.01/RAJ/1981  Circulation section56714  2015-02-232015-02-232015-02-23  627_010000000000000_RAJ_19812Central Library, BUETCentral Library, BUET General Book
627.01/RAJ/19811 Circulation section56715  2015-02-232015-02-232018-02-03  627_010000000000000_RAJ_19813Central Library, BUETCentral Library, BUET2018-01-27General Book
627.01/RAJ/19811 Circulation section77612  2015-02-232015-02-232025-04-22  627_010000000000000_RAJ_19814Central Library, BUETCentral Library, BUET2018-07-17General Book